The American pageant (Бичлэгийн дугаар. 146029)
| 000 -УДИРДЛАГА | |
|---|---|
| Удирдлага | 00940nam a22003017a 4500 |
| 003 - ХЯНАЛТЫН ТОО ТОДОРХОЙЛОГЧ | |
| Код | MN-UlNUM |
| 005 - БИЧИЛТ ХИЙСЭН ОГНОО | |
| Тухайн бичилтийг бичсэн засварласан сүүлийн огноо | 20260115140811.0 |
| 008 - ЕРӨНХИЙ МЭДЭЭЛЭЛ | |
| Ерөнхий мэдээлэл | 251230s1986 mauafb|| |||| 001 0 eng | |
| 020 ## - ISBN | |
| ISBN | 0669113433 |
| 040 ## - БИЧЛЭГ ҮҮСГЭГЧ БАЙГУУЛЛАГА | |
| Бичлэг үүсгэгч номын сангийн код | МУИС-ийн номын сан |
| 084 ## - ББК АНГИЛАЛ | |
| Нэмэлт тусгалт | Бусад |
| ББК ангилал | 68.4 |
| Зохиогчийн гурван тэмдэгт | K 33 |
| Мэдлэгийн ялгаа | 68 - Цэрэг |
| 100 1# - ЗОХИОГЧ | |
| Зохиогчийн нэр | Kennedy, David M. |
| 245 14 - ҮНДСЭН ГАРЧИГ | |
| Номын нэр | The American pageant |
| Бага гарчгийн мэдээ | a history of the republic |
| Оролцогчдын тухай мэдээ | David M. Kennedy, Thomas A. Bailey. |
| Ботийн дугаар | Volume |
| Ботийн нэр | I |
| 250 ## - ДАХИН ХЭВЛЭЛТ | |
| Дахин гаралтын дугаар | Brief ed. |
| 260 ## - ГАРАЛТЫН МЭДЭЭ | |
| Хэвлэгдсэн газар | Lexington, Mass. : |
| Хэвлэлийн газар | D.C. Heath, |
| Хэвлэгдсэн он | 1986. |
| 300 ## - МАТЕРИАЛЫН ТОДОРХОЙЛОЛТ | |
| хуудасны тоо | xii, 254, xlvix p., [2] p. of plates |
| Бусад тоон мэдээлэл | ill. (some col.) ; |
| Хэмжээ | 24 cm. |
| 500 ## - Тайлбар | |
| Дансны дугаар | БС 4777 |
| 546 ## - ХЭЛНИЙ ТУХАЙ МЭДЭЭ | |
| Хэл | Англи хэл дээр, |
| 653 ## - Түлхүүр үг | |
| Түлхүүр үг | history |
| 653 ## - Түлхүүр үг | |
| Түлхүүр үг | united States |
| 740 ## - НОМЫН ГАРЧИГ | |
| Гарчиг | New world Beginnings |
| 740 ## - НОМЫН ГАРЧИГ | |
| Гарчиг | Completing the Thirteen Colonies |
| 740 ## - НОМЫН ГАРЧИГ | |
| Гарчиг | The Duel for North America |
| 740 ## - НОМЫН ГАРЧИГ | |
| Гарчиг | Colonial Society on the Eve of Revolution |
| 942 ## - ЭЛЕМЕНТИЙН ТӨРӨЛ | |
| Зүйлийн төрөл | Ном |
